11 type - Journée 4 Ligue des Nations A 2024-2025 - Statistiques

Statistiques générales
  • Ce quiz a été pris 24 fois
  • Le résultat moyen est 6 sur 11
Statistiques - réponses
Poste Nationalité Club Joueur % Correct
Milieu central Espagnol Paris Saint-Germain Fabian Ruiz
95%
Défenseur central Espagnol Al Nassr FC Aymeric Laporte
85%
Buteur Français Paris Saint-Germain Randal Kolo Muani
85%
Milieu défensif Danois Manchester United Christian Eriksen
80%
Latéral droit Espagnol Tottenham Hotspur Pedro Porro
70%
Milieu offensif Hongrois Liverpool Dominik Szoboszlai
65%
Défenseur central / Latéral droit Italien SSC Naples Giovanni Di Lorenzo
65%
Milieu offensif Croate Dinamo Zagreb Martin Baturina
15%
Gardien Écosse Heart of Midlothian Craig Gordon
5%
Milieu défensif Croate Dinamo Zagreb Petar Sucic
5%
Latéral gauche / Milieu gauche Hongrois Puskás Akadémia FC Zsolt Nagy
5%
Aucun quiz correspondant
Distribution des résultats
% des personnes avec chaque résultat
Percentile par nombre de réponses
Votre historique - résultats
Vous n’avez pas pris ce quiz